Science Quiz

Random Science or Anatomy Quiz

Human Bones Quiz Stats

 Plays Quiz Updated Nov 14, 2014

Score 0/29 Timer 08:00
2 Plays Today
Bone(s) % Correct
Ribs
90.5%
Cranium
90.5%
Femur
90.1%
Tibia
86.4%
Sternum
84.2%
Ulna
83.9%
Radius
82.4%
Fibula
81.7%
Patella
81.2%
Mandible
77.5%
Scapula
76.3%
Clavicle
76.2%
Humerus
75.7%
Phalanges
72.3%
Phalanges
72.2%
Bone(s) % Correct
Metatarsals
71.1%
Coccyx
71%
Metacarpals
70.6%
Carpals
67.7%
Tarsals
66%
Lumbar Vertebrae
64.1%
Cervical Vertebrae
57.2%
Thoracic Vertebrae
56.2%
Sacrum
51.2%
Pubis
45.3%
Ilium
41.6%
Ischium
37.7%
Calcaneus
36.4%
Hyoid Bone
35.1%

You're not logged in!

Compare scores with friends on all Sporcle quizzes.
OR
Log In

Sporcle TV

Today on Sporcle TV


Watch our educational content, quiz creation guides, and fun videos on Sporcle TV.

Show Comments

Extras

Top Quizzes Today


Score Distribution

Your Account Isn't Verified!

In order to create a playlist on Sporcle, you need to verify the email address you used during registration. Go to your Sporcle Settings to finish the process.

Report this User

Report this user for behavior that violates our Community Guidelines.

Details: